Las 10 plagas de Egipto - ¡Muerte súbita! - Estadísticas

Estadísticas generales
  • Esta prueba ha sido intentada 944 veces
    288 desde el último reinicio
  • La puntuación promedio es 3 de 10
Answers on the Grid
Answers color-coded by a green-red scale on the quiz's grid according to % correct below.
Ceguera
Confusión de lenguas
Desmayos
El Rio Nilo hecho sangre
Incendios
Infertilidad
Inundaciones
Langostas
Maná
Moscas
Muerte de los primogénitos
Oscuridad
Pestilencia al ganado
Pulgas / Piojos
Quemaduras
Ranas
Sequía
Serpientes
Terremotos
Tormentas y granizo
Tornados
 
Estadísticas de respuestas
Respuesta % Correcto
El Rio Nilo hecho sangre
71%
Langostas
63%
Ranas
46%
Muerte de los primogénitos
41%
Moscas
37%
Pestilencia al ganado
23%
Pulgas / Piojos
23%
Tormentas y granizo
21%
Oscuridad
19%
Quemaduras
4%
No se encontraron pruebas coincidentes
Distribución de puntuación
Porcentaje de gente con cada puntuación
Porcentaje por número respondido
Historial de tus puntuaciones
No has intentado esta prueba desde el último reinicio